000 00629nam a22002177a 4500
003 UA-OsUOA
001 102915
007 ta
008 20131007b un ||||| |||| 00| 0 ukr d
100 _aНовальська Т.
090 _a02
_bН72
942 _cSA
040 _aUA-OsUOA
_bukr
_cUA-OsUOA
_dUA-OsUOA
245 _aІноваційне дослідження довідково-бібілографічної діяльності наукових бібілотек
300 _aС.34-35
955 _a0
041 _aukr
080 _a02
773 0 _w102913
650 7 _a02 Бібліотечна справа
_2UDC
999 _c389070
_d389070